| 000 | 02007nam a2200553 i 4500 | ||
|---|---|---|---|
| 001 | 35326 | ||
| 003 | KOSZ 005 | ||
| 005 | 20210428144243.0 | ||
| 008 | 980702s1996 pl f |000 0 pol | ||
| 015 | _aUWD 1996/10562 | ||
| 020 | _a8323207542 | ||
| 035 | _a991004223189705066 | ||
| 035 | _a(PL-WaBN)b11119159-48omnis_nlop | ||
| 035 | _ab11119159 | ||
| 035 | _a(OCoLC)830112632 | ||
| 035 | _axx001077309 | ||
| 035 | _a(PL)b0000001111915 | ||
| 035 | _a(EXLNZ-48OMNIS_NETWORK)9910338046205606 | ||
| 040 |
_aWA N _cWA N _dKOSZ 005/HR |
||
| 041 | 0 |
_apol _beng _bger |
|
| 046 | _k1996 | ||
| 080 | _a330.322(1-87) | ||
| 080 | _a334.72(1-87) | ||
| 080 | _a346(438) | ||
| 100 | 1 |
_aPopowska, Bożena _d(1949- ) _eAutor |
|
| 245 | 1 | 0 |
_aOchrona prawna podmiotów zagranicznych w świetle ustawodawstwa gospodarczego : _b(ujęcie publicznoprawne) / _cBożena Popowska. |
| 250 | _a[Stan prawny na dzień 31 XII 1995 r.]. | ||
| 260 |
_aPoznań : _bWydaw. Naukowe UAM, _c1996. |
||
| 300 |
_a220 s. ; _c24 cm. |
||
| 336 |
_aTekst _btxt _2rdacontent |
||
| 337 |
_aBez urządzenia pośredniczącego _bn _2rdamedia |
||
| 338 |
_aWolumin _bnc _2rdacarrier |
||
| 380 | _aKsiążki | ||
| 380 | _aPublikacje naukowe | ||
| 388 | _a1901-2000 | ||
| 388 | _a1945-1989 | ||
| 490 | 1 |
_aPrawo / Uniwersytet im. Adama Mickiewicza w Poznaniu, _x0083-4262 ; _vnr 152 |
|
| 504 | _aBibliogr. s. 205-213. - Summ., Zsfassung. | ||
| 650 | 7 |
_aInwestycje zagraniczne _2DBN |
|
| 650 | 7 |
_aPrawo gospodarcze _2DBN |
|
| 650 | 7 |
_aPrzedsiębiorstwo międzynarodowe _2DBN |
|
| 651 | 7 |
_aPolska _2DBN |
|
| 658 | _aPrawo i wymiar sprawiedliwości | ||
| 710 | 2 |
_aWydawnictwo Naukowe Uniwersytetu im. Adama Mickiewicza (Poznań) _4pbl |
|
| 830 | 0 |
_aPrawo - Uniwersytet im. Adama Mickiewicza w Poznaniu _vnr 152 |
|
| 856 |
_uhttp://koha.tu.koszalin.pl/cgi-bin/koha/opac-detail.pl?biblionumber=35326 _yKatalog online BPK |
||
| 942 |
_2UKD _cKS |
||
| 999 |
_c35326 _d35326 |
||